Statistics for wrc drivers by facts

Click here to take the quiz!

General Stats

  • This quiz has been taken 60 times
  • The average score is 9 of 15

Answer Stats

HintAnswer% Correct
wrc 2 driver from brittangus greensmith
85%
wrc champion in 2022kalle rovanperä
82%
died in croatiacraig breen
74%
8 time world championsebastien ogier
72%
crashed in to a lakeott tänak
69%
is 3rth in wrc 2023thierry neuville
69%
toyota team principalejari matti latvala
67%
he was born 21 january 1964jourdan serderidis
59%
a toyota drivertakamato katsuta
59%
1st in wrc 2 classoliver solberg
56%
one of the hyundai driversdani sordo
46%
crashed first in chile rally 2023esapekka lappi
36%
has 9 wins in wrcsebatien loeb
36%
has a belgian codriverpierre louis loube
26%
closest to ott tänak in chile 2023teemu suninen
15%

Score Distribution

Percentile by Number Answered

Percent of People with Each Score

Your Score History

You have not taken this quiz